UM Logo

A new perspective on the social functions of emotions : (Record no. 20525)

MARC details
000 -LEADER
fixed length control field 01019nam a22002297a 4500
005 - DATE AND TIME OF LATEST TRANSACTION
control field 20250829184554.0
008 - FIXED-LENGTH DATA ELEMENTS--GENERAL INFORMATION
fixed length control field 240816b ||||| |||| 00| 0 eng d
082 ## - DEWEY DECIMAL CLASSIFICATION NUMBER
Classification number DPer 155.205 J826 July-September 2020 v. 119 n. 1-3
100 ## - MAIN ENTRY--PERSONAL NAME
Personal name Algoe, Sara B.
Relator term author.
9 (RLIN) 57962
245 ## - TITLE STATEMENT
Title A new perspective on the social functions of emotions :
Remainder of title gratitude and the witnessing effect /
Statement of responsibility, etc. Sara B. Algoe, Patrick C. Dwyer, Ayana Younge, and Cristopher Oveis.
260 ## - PUBLICATION, DISTRIBUTION, ETC. (IMPRINT)
Place of publication, distribution, etc. Washington ;
Name of publisher, distributor, etc. American Psychological Association ,
Date of publication, distribution, etc. July 2020.
300 ## - PHYSICAL DESCRIPTION
Extent Volume 119, pages 40-74 :
Other physical details illustration ;
Dimensions 27 cm.
500 ## - GENERAL NOTE
General note Journal of Personality and Social Psychology , vol. 119, no. 1, pages 40-74, July 2020.
650 ## - SUBJECT ADDED ENTRY--TOPICAL TERM
Topical term or geographic name as entry element Social psychology.
9 (RLIN) 60649
650 ## - SUBJECT ADDED ENTRY--TOPICAL TERM
Topical term or geographic name as entry element Emotions.
9 (RLIN) 60650
650 ## - SUBJECT ADDED ENTRY--TOPICAL TERM
Topical term or geographic name as entry element Gratitude.
9 (RLIN) 18797
700 ## - ADDED ENTRY--PERSONAL NAME
Personal name Algoe, Sara B.
Relator term author.
9 (RLIN) 57962
700 ## - ADDED ENTRY--PERSONAL NAME
Personal name Dwyer, Patrick C.
Relator term author.
9 (RLIN) 57963
700 ## - ADDED ENTRY--PERSONAL NAME
Personal name Younge, Ayana.
Relator term author.
9 (RLIN) 57964
700 ## - ADDED ENTRY--PERSONAL NAME
Personal name Oveis, Cristopher.
Relator term author.
9 (RLIN) 57965
942 ## - ADDED ENTRY ELEMENTS (KOHA)
Source of classification or shelving scheme Dewey Decimal Classification
Koha item type Periodicals
Holdings
Withdrawn status Lost status Source of classification or shelving scheme Damaged status Not for loan Home library Current library Date acquired Total Checkouts Full call number Date last seen Price effective from Koha item type Public note
    Dewey Decimal Classification     UM Digos College - LIC UM Digos College - LIC 08/16/2024   DPer 155.205 J826 July-September 2020 v. 119 n. 1-3 08/16/2024 08/16/2024 Periodicals Periodical Article